Butterflies - Kacey Musgraves (All Lyrics) - Statistics

General Stats
  • This quiz has been taken 15 times
  • The average score is 204 of 246
Answer Stats
Lyrics % Correct
a
100%
I
100%
in
100%
me
100%
my
100%
you
100%
You
100%
always
92%
And
92%
and
92%
down
92%
lifting
92%
never
92%
Now,
92%
now,
92%
of
92%
out
92%
the
92%
to
92%
up
92%
was
92%
you're
92%
You're
92%
blue
83%
butterflies
83%
butterflies,
83%
fell
83%
for
83%
give
83%
heart
83%
holding
83%
just
83%
like
83%
reach
83%
really
83%
Stealing
83%
stealing
83%
there
83%
anywhere
75%
been
75%
Caught
75%
Cloud
75%
coastin',
75%
crown
75%
gettin'
75%
stayin'
75%
feels
75%
fly
75%
goin'
75%
it
75%
kinda
75%
Kiss
75%
know
75%
Nine
75%
remember
75%
'stead
75%
string
75%
that
75%
used
75%
web,
75%
what
75%
where
75%
wings
75%
all
67%
All
67%
color
67%
didn't
67%
full
67%
him
67%
makes
67%
strings
67%
Untangled
67%
wonder
67%
you've
67%
brought
58%
'round
58%
tied
58%
'til
58%
were
58%
doubt
50%
because
42%
came
42%
chrysalis
42%
hand
42%
hiding
42%
taking
42%
yeah
42%
new
33%
No matching quizzes found
Score Distribution
Percent of People with Each Score
Percentile by Number Answered
Your Score History
You have not taken this quiz